01377 a2200193 45000010006000000050017000060080041000230030015000640400040000790800063001192450037001820200018002192640045002373000019002825050831003010410008011321000024011407000019011645495420260407155825.0260407a2000 arg spa dAR-UNSa-BCEJYS aAR-UNSa-BCEJYSbspacAR-UNSa-BCEJYS a27(82)xHistoria General de la Iglesia Cristiana Argentina10aHistoria de la iglesia argentina a987-9397-17-7 1aBuenos Aires :bGrijalbo Mondadaric2000 a604 p.c20 cm. aPrimera parte: La cristiandad colonial (1530-1830) - I. El trasplante religioso - II. El cuadro institucional - III. El clero - IV. La compañía de Jesús y las reducciones del Paraguay - V. La cultura eclesiástica - VI. La vida devocional,las prácticas religiosas y la cura de almas a fines del período colonial - VII. La crisis de la Iglesia colonial - Segunda parte: El largo camino a la unidad (1830-1865) - I. Las Iglesias rioplatenses en la Argentina - II. Las Iglesias rioplatenses y el proceso de organización nacional - Tercera parte: La Iglesia argentina comtemporánea (1865-1983) - I. Los primeros pasos de la Iglesia argentina - II. Las ideas y la organización.La maduración de la Iglesia argentina - III. Entre Pío XII,Perón y el Concilio Vaticano II - IV. El infinito Concilio de la Iglesia aspa1 aDi Stefano, Roberto1 aZanatta, Loris